Top 100 NBA players through the 2023-2024 season - Statistics

General Stats
  • This quiz has been taken 977 times
  • The average score is 72 of 100
Answer Stats
# Hint Answer % Correct
8 Lakers LeBron James
99%
2 Mavericks Luka Doncic
99%
3 Nuggets Nikola Jokic
99%
4 Warriors Stephen Curry
99%
1 Sixers Joel Embiid
98%
7 Suns Kevin Durant
98%
13 Lakers Anthony Davis
97%
14 Suns Devin Booker
97%
9 Celtics Jayson Tatum
97%
5 Bucks Giannis Antetokounmpo
96%
6 Thunder Shai Gilgeous-Alexander
96%
10 Timberwolves Anthony Edwards
95%
15 Cavaliers Donovan Mitchell
95%
19 Clippers Kawhi Leonard
95%
17 Hawks Trae Young
95%
28 Celtics Jaylen Brown
94%
24 Heat Jimmy Butler
94%
16 Clippers Paul George
94%
27 Timberwolves Rudy Gobert
94%
11 Pacers Tyreses Haliburton
94%
20 Bucks Damian Lillard
93%
12 Kings De'Aaron Fox
93%
23 Hornets Lamelo Ball
93%
22 Kings Domantas Sabonis
92%
18 Sixers Tyrese Maxey
92%
25 Timberwolves Karl Anthony-Towns
91%
30 Heat Bam Adebayo
90%
21 Knicks Jalen Brunson
90%
43 Clippers James Harden
90%
33 Mavericks Kyrie Irving
90%
26 Magic Paolo Banchero
90%
58 Hawks Dejounte Murray
89%
37 Nuggets Jamal Murray
89%
40 Pelicans Zion Williamson
88%
32 Bulls DeMar DeRozan
87%
77 Mavericks Grant Williams
85%
41 Bulls Zach Lavine
85%
54 Warriors Draymond Green
84%
45 Spurs Victor Wembanyama
84%
66 Rockets Jalen Green
83%
31 Knicks Julius Randle
83%
34 Pelicans Brandon Ingram
82%
36 Celtics Jrue Holiday
82%
51 Celtics Kristaps Porzingis
82%
38 Raptors Pascal Siakam
81%
48 Grizzlies Jaren Jackson Jr
78%
88 Bulls Coby White
77%
50 Celtics Derrick White
77%
29 Raptors Scottie Barnes
76%
35 Magic Franz Wagner
75%
57 Pistons Cade Cunningham
74%
46 Wizards Kyle Kuzma
74%
44 Nets Mikal Bridges
74%
49 Cavaliers Darius Garland
73%
63 Clippers Russell Westbrook
73%
56 Bucks Brook Lopez
72%
53 Thunder Chet Holmgren
72%
39 Grizzlies Desmond Bane
72%
98 Warriors Klay Thompson
72%
52 Jazz Lauri Markkanen
72%
100 Pistons Ausar Thompson
71%
80 Bucks Khris Middleton
71%
84 Suns Grayson Allen
70%
75 Cavaliers Jarrett Allen
70%
65 Heat Tyler Herro
70%
81 Wizards Jordan Poole
69%
69 Lakers Austin Reaves
68%
62 Nuggets Aaron Gordon
67%
47 Rockets Alperen Sengun
67%
61 Cavaliers Evan Mobley
66%
55 Rockets Fred Vanvleet
66%
59 Pelicans CJ Mccollum
62%
68 Lakers D'Angelo Russell
62%
60 Sixers Tobias Harris
58%
79 Bulls Nikola Vucevic
56%
74 Nets Cam Thomas
53%
67 Pacers Myles Turner
53%
42 Raptors OG Anunoby
53%
76 Spurs Devin Vassell
49%
96 Heat Duncan Robinson
49%
82 Timberwolves Mike Conley
49%
64 Knicks Mitchell Robinson
49%
72 Rockets Dillon Brooks
47%
94 Trail Blazers DeAndre Ayton
46%
73 Kings Malik Monk
43%
91 Lakers Rui Hachimura
43%
71 Nuggets Kentavious Caldwell-Pope
37%
87 Thunder Lugentz Dort
37%
70 Hawks Bogdan Bogdanovic
36%
83 Sixers Nicolas Batum
36%
90 Trail Blazers Jerami Grant
35%
92 Bucks Bobby Portis
34%
97 Hornets Terry Rozier
34%
86 Magic Cole Anthony
33%
85 Timberwolves Naz Reid
29%
89 Mavericks Tim Hardaway Jr
27%
78 Trail Blazers Shaedon Sharpe
25%
99 Heat Jaime Jaquez Jr
22%
95 Wizards Deni Avdija
17%
93 Nets Lonnie Walker IV
13%
No matching quizzes found
Score Distribution
Percent of People with Each Score
Percentile by Number Answered
Your Score History
You have not taken this quiz